[Event "Davos Challenge op"]
[Site "Davos"]
[Date "2022.06.06"]
[Round "6"]
[White "Savic, Robert"]
[Black "Lipinsky, Markus"]
[Result "1-0"]
[WhiteElo "1925"]
[BlackElo "2027"]
[PlyCount "65"]
[EventDate "2022.06.03"]
[EventType "swiss"]
[EventRounds "7"]
[EventCountry "SUI"]
[SourceTitle "CBM 208 Extra"]
[Source "ChessBase"]
[SourceDate "2022.07.31"]
[SourceVersion "1"]
[SourceVersionDate "2022.07.31"]
[SourceQuality "1"]

1. d4 d5 2. Nf3 Nf6 3. g3 e6 4. c4 c5 5. cxd5 exd5 6. Bg2 Nc6 7. 0-0 cxd4 8. Nxd4 Bc5 9. Nxc6 bxc6 10. Qc2 Qb6 11. Nc3 Bd6 12. Be3 Qa6 13. Na4 0-0 14. Rfc1 Bb7 15. Nc5 Bxc5 16. Bxc5 Rfe8 17. e3 Qa5 18. b4 Qc7 19. Bd4 Nd7 20. Bxd5 c5 21. Bxb7 Qxb7 22. bxc5 Ne5 23. Bxe5 Rxe5 24. c6 Qc7 25. Rab1 a6 26. Rb7 Qd6 27. Rd7 Qf6 28. c7 Rc8 29. Rcd1 Ree8 30. R1d6 Qe5 31. Qc4 Qf5 32. Rd8 Kf8 33. Qc6 1-0

[Event "Landesliga Sued 1819"]
[Site "Bayern"]
[Date "2019.02.03"]
[Round "6.5"]
[White "Lipinsky, Markus"]
[Black "Fauth, Dietmar"]
[Result "1/2-1/2"]
[WhiteElo "2022"]
[BlackElo "2084"]
[PlyCount "73"]
[EventDate "2018.10.21"]
[EventType "team-tourn"]
[EventRounds "9"]
[EventCountry "GER"]
[SourceTitle "EXT 2022"]
[Source "ChessBase"]
[SourceDate "2021.10.06"]
[SourceVersion "1"]
[SourceVersionDate "2021.10.06"]
[SourceQuality "1"]
[WhiteTeam "Muenchen Tarrasch"]
[BlackTeam "Muenchen SC II"]
[WhiteTeamCountry "GER"]
[BlackTeamCountry "GER"]

1. d4 Nf6 2. c4 e6 3. Nf3 d5 4. Nc3 dxc4 5. e3 a6 6. Bxc4 b5 7. Bd3 Bb7 8. 0-0 c5 9. Qe2 Nbd7 10. Rd1 cxd4 11. exd4 Be7 12. Ne5 0-0 13. Bg5 Rc8 14. Rac1 Re8 15. a3 Nf8 16. Bb1 Qb6 17. Ba2 b4 18. Na4 Qa5 19. Bxf6 Rxc1 20. Rxc1 gxf6 21. Qg4+ Ng6 22. Nxg6 hxg6 23. Bxe6 Qg5 24. Qxg5 fxg5 25. Bd7 Rd8 26. Rc7 bxa3 27. bxa3 Be4 28. Nc5 Bd5 29. a4 Bf6 30. Nxa6 Bxd4 31. Nb4 Be4 32. Rc8 Rxc8 33. Bxc8 Bc3 34. Na2 Bd2 35. a5 Bxa5 36. Nc1 Bd5 37. Ba6 1/2-1/2

[Event "Landesliga Sued 1718"]
[Site "Bayern"]
[Date "2017.11.12"]
[Round "2.8"]
[White "Rubke, Manfred"]
[Black "Lipinsky, Markus"]
[Result "1-0"]
[WhiteElo "2054"]
[BlackElo "1974"]
[PlyCount "61"]
[EventDate "2017.10.22"]
[EventType "team-tourn"]
[EventRounds "9"]
[EventCountry "GER"]
[SourceTitle "EXT 2022"]
[Source "ChessBase"]
[SourceDate "2021.10.06"]
[SourceVersion "1"]
[SourceVersionDate "2021.10.06"]
[SourceQuality "1"]
[WhiteTeam "Haunstetten TSV"]
[BlackTeam "Muenchen Tarrasch"]
[WhiteTeamCountry "GER"]
[BlackTeamCountry "GER"]

1. c4 e5 2. g3 Nf6 3. Bg2 c6 4. Nf3 e4 5. Nd4 d5 6. cxd5 cxd5 7. Nc3 Qb6 8. e3 Nc6 9. Nxc6 bxc6 10. 0-0 Ba6 11. Re1 Nd7 12. f3 exf3 13. Bxf3 Be7 14. d4 f5 15. Qc2 g6 16. Bd2 h5 17. Rac1 Rc8 18. Na4 Qb8 19. Nc5 Bxc5 20. dxc5 Ne5 21. Be2 Bxe2 22. Rxe2 Nf3+ 23. Kg2 Nxd2 24. Qxd2 Kf7 25. Rc3 Rc7 26. Ra3 Qb5 27. Qc2 h4 28. g4 fxg4 29. Rf2+ Kg7 30. Qc3+ Kh6 31. Qxh8+ 1-0

[Event "Landesliga Sued 1617"]
[Site "Bayern"]
[Date "2017.02.19"]
[Round "6.5"]
[White "Schwarzmeier, Klaus"]
[Black "Lipinsky, Markus"]
[Result "1-0"]
[WhiteElo "2186"]
[BlackElo "1998"]
[PlyCount "119"]
[EventDate "2016.10.16"]
[EventType "team-tourn"]
[EventRounds "9"]
[EventCountry "GER"]
[SourceTitle "EXT 2019"]
[Source "ChessBase"]
[SourceDate "2018.10.10"]
[SourceVersion "1"]
[SourceVersionDate "2018.10.10"]
[SourceQuality "1"]
[WhiteTeam "Rottal"]
[BlackTeam "Muenchen Tarrasch"]
[WhiteTeamCountry "GER"]
[BlackTeamCountry "GER"]

1. Nf3 d5 2. g3 c6 3. Bg2 Bg4 4. d3 e6 5. Nbd2 Nd7 6. 0-0 Bd6 7. e4 Ne7 8. Qe1 0-0 9. h3 Bh5 10. e5 Bc7 11. d4 c5 12. c3 Nc6 13. Nb3 cxd4 14. cxd4 Bb6 15. Bg5 Qb8 16. Qd2 a5 17. a4 Qa7 18. g4 Bg6 19. Be3 Nb4 20. Rfc1 Rfc8 21. Ne1 Rc6 22. Bf1 Bd8 23. Bb5 Rxc1 24. Rxc1 b6 25. Nd3 Bxd3 26. Bxd3 Qb7 27. Bb5 Rb8 28. Rc3 Kf8 29. Nc1 Be7 30. Nd3 Rc8 31. Nf4 Na2 32. Rc2 Nb4 33. Rxc8+ Qxc8 34. Qc3 Qb7 35. Bd2 Nb8 36. Qf3 Kg8 37. Nh5 N8c6 38. Bc3 Na7 39. Be8 Bf8 40. Qe2 Nac6 41. Qd2 Qe7 42. Bxc6 Nxc6 43. Qd3 Qc7 44. Qa6 Ne7 45. Kg2 Ng6 46. Kf3 Be7 47. Qb5 f6 48. Qe8+ Nf8 49. exf6 gxf6 50. Nf4 Qd6 51. Qh5 Qc6 52. Qh6 e5 53. Nh5 e4+ 54. Kg2 Kf7 55. Nf4 Qxa4 56. Qh5+ Kg7 57. Qxd5 Qc2 58. Nh5+ Kh8 59. Qf7 Ne6 60. Qxe6 1-0

[Event "Landesliga Sued 1516"]
[Site "Bayern"]
[Date "2015.11.15"]
[Round "3.3"]
[White "Lipinsky, Markus"]
[Black "Alvir, Aco"]
[Result "1/2-1/2"]
[WhiteElo "2042"]
[BlackElo "2345"]
[PlyCount "38"]
[EventDate "2015.10.11"]
[EventType "team-tourn"]
[EventRounds "9"]
[EventCountry "GER"]
[SourceTitle "EXT 2018"]
[Source "ChessBase"]
[SourceDate "2017.10.13"]
[SourceVersion "1"]
[SourceVersionDate "2017.10.13"]
[SourceQuality "1"]
[WhiteTeam "Muenchen Tarrasch"]
[BlackTeam "Muenchen 36"]
[WhiteTeamCountry "GER"]
[BlackTeamCountry "GER"]

1. d4 Nf6 2. c4 g6 3. Nc3 Bg7 4. e4 d6 5. Nf3 0-0 6. Be2 c6 7. 0-0 a6 8. Re1 b5 9. e5 Ne8 10. Bf4 bxc4 11. Bxc4 d5 12. Bf1 Bg4 13. h3 Bxf3 14. Qxf3 Nc7 15. Na4 Ne6 16. Be3 Nd7 17. Rac1 Qa5 18. b3 Rfc8 19. Re2 Qb4 1/2-1/2

[Event "Panevezys op-A 28th"]
[Site "Panevezys"]
[Date "2015.08.18"]
[Round "2"]
[White "Doluhanova, Evgeniya"]
[Black "Lipinsky, Markus"]
[Result "1-0"]
[WhiteElo "2200"]
[BlackElo "2100"]
[PlyCount "53"]
[EventDate "2015.08.17"]
[EventType "swiss"]
[EventRounds "9"]
[EventCountry "LTU"]
[SourceTitle "EXT 2016"]
[Source "ChessBase"]
[SourceDate "2015.10.08"]
[SourceVersion "1"]
[SourceVersionDate "2015.10.08"]
[SourceQuality "1"]

1. e4 c5 2. Nf3 e6 3. d4 cxd4 4. Nxd4 a6 5. Nc3 Qc7 6. Bd3 Nf6 7. 0-0 Nc6 8. Be3 b5 9. Nxc6 dxc6 10. f4 h5 11. h3 Bb7 12. e5 Nd5 13. Nxd5 cxd5 14. Bd4 Bc5 15. c3 g6 16. Kh2 Kd7 17. Qf3 Qb6 18. Rad1 Rag8 19. Bc2 Kc7 20. a4 g5 21. fxg5 Rg7 22. h4 bxa4 23. Bxa4 Bxd4 24. Rxd4 Qxb2 25. Rb4 Qd2 26. Rd1 Qa2 27. Qf6 1-0

[Event "Landesliga Sued 1415"]
[Site "Bayern"]
[Date "2015.04.12"]
[Round "9.5"]
[White "Lipinsky, Markus"]
[Black "Bauer, Robert"]
[Result "0-1"]
[WhiteElo "2042"]
[BlackElo "2101"]
[PlyCount "74"]
[EventDate "2014.10.19"]
[EventType "team-tourn"]
[EventRounds "9"]
[EventCountry "GER"]
[SourceTitle "EXT 2018"]
[Source "ChessBase"]
[SourceDate "2017.10.13"]
[SourceVersion "1"]
[SourceVersionDate "2017.10.13"]
[SourceQuality "1"]
[WhiteTeam "Muenchen Tarrasch"]
[BlackTeam "Freising"]
[WhiteTeamCountry "GER"]
[BlackTeamCountry "GER"]

1. d4 d5 2. c4 c6 3. Nc3 Nf6 4. e3 e6 5. Nf3 Nbd7 6. Bd3 dxc4 7. Bxc4 b5 8. Bd3 Bb7 9. e4 b4 10. Na4 Be7 11. 0-0 0-0 12. Qc2 h6 13. e5 Nd5 14. Qe2 Re8 15. Qe4 Nf8 16. Qg4 Kh8 17. Qh5 Kg8 18. g4 c5 19. g5 g6 20. Qg4 h5 21. Qe4 Qc7 22. Qe2 cxd4 23. Nxd4 Red8 24. b3 Rac8 25. Nb5 Qb8 26. Be4 Ba6 27. Bd3 Rxc1 28. Rfxc1 Nf4 29. Qe3 Nxd3 30. Rc7 Bxb5 31. Rxe7 Qxe5 32. Qxe5 Nxe5 33. Rxa7 Nf3+ 34. Kg2 Nxg5 35. Rc1 Rd6 36. Rcc7 h4 37. f4 Rd2+ 0-1

[Event "Lugano New op-A 8th"]
[Site "Lugano"]
[Date "2015.04.04"]
[Round "2"]
[White "Di Benedetto, Edoardo"]
[Black "Lipinsky, Markus"]
[Result "1/2-1/2"]
[WhiteElo "2202"]
[BlackElo "2131"]
[PlyCount "84"]
[EventDate "2015.04.03"]
[EventType "swiss"]
[EventRounds "6"]
[EventCountry "SUI"]
[SourceTitle "CBM 165 Extra"]
[Source "ChessBase"]
[SourceDate "2015.04.21"]
[SourceVersion "1"]
[SourceVersionDate "2015.04.21"]
[SourceQuality "1"]

1. e4 c5 2. Nf3 e6 3. c4 Nc6 4. Nc3 a6 5. a3 g6 6. d4 cxd4 7. Nxd4 Nge7 8. Be3 Bg7 9. Qd2 0-0 10. Rd1 d5 11. cxd5 exd5 12. Nxc6 bxc6 13. exd5 Nxd5 14. Nxd5 cxd5 15. Be2 Re8 16. 0-0 Rb8 17. b4 d4 18. Bf3 Bd7 19. Bf4 Rc8 20. Rfe1 Ba4 21. Rxe8+ Qxe8 22. Re1 Qd7 23. Be4 Rc3 24. Bd3 Rxa3 25. Qe2 Rb3 26. Qe4 Bc6 27. Qe2 Rxb4 28. f3 a5 29. Qa2 Ra4 30. Qb2 Rb4 31. Qa2 a4 32. Bd2 Bd5 33. Qxd5 Qxd5 34. Re8+ Bf8 35. Bxb4 Qc6 36. Rb8 Qc7 37. Re8 Qc6 38. Rb8 Qc7 39. Re8 Qc6 40. Rb8 Qc1+ 41. Bf1 Qe3+ 42. Kh1 Qc1 1/2-1/2

[Event "Lugano New op-A 8th"]
[Site "Lugano"]
[Date "2015.04.04"]
[Round "3"]
[White "Lipinsky, Markus"]
[Black "Medici, Simone"]
[Result "0-1"]
[WhiteElo "2131"]
[BlackElo "2082"]
[PlyCount "102"]
[EventDate "2015.04.03"]
[EventType "swiss"]
[EventRounds "6"]
[EventCountry "SUI"]
[SourceTitle "CBM 165 Extra"]
[Source "ChessBase"]
[SourceDate "2015.04.21"]
[SourceVersion "1"]
[SourceVersionDate "2015.04.21"]
[SourceQuality "1"]

1. d4 Nf6 2. c4 d6 3. Nc3 Bf5 4. f3 Nbd7 5. e4 Bg6 6. Be3 e5 7. d5 Be7 8. Bd3 0-0 9. Nge2 Nh5 10. Qd2 Nc5 11. Bc2 a5 12. 0-0 h6 13. b3 Bg5 14. g4 Bxe3+ 15. Qxe3 Nf6 16. h4 Re8 17. Rf2 Nfd7 18. Rh2 Qe7 19. Ng3 f6 20. Nf5 Bxf5 21. gxf5 Kh7 22. Kf2 Rg8 23. Rg1 Nf8 24. h5 Kh8 25. Ra1 Nh7 26. Bd1 Ng5 27. Kg3 Rge8 28. a3 Qf7 29. Kg4 Ra6 30. Rha2 Rea8 31. b4 Nd7 32. c5 axb4 33. axb4 Rxa2 34. Rxa2 Rxa2 35. Nxa2 Qe7 36. c6 bxc6 37. dxc6 Nb6 38. b5 d5 39. Bb3 Qa3 40. exd5 Qb2 41. Kg3 Qa3 42. Qc3 Nc8 43. Bc4 Qc5 44. Kg2 Nd6 45. Bb3 Qxb5 46. Nc1 e4 47. fxe4 Ngxe4 48. Qe3 Qb4 49. Na2 Qa3 50. Nc1 Qb2+ 51. Kf3 Nd2+ 0-1

[Event "Landesliga Sued 1415"]
[Site "Bayern"]
[Date "2015.02.22"]
[Round "7.6"]
[White "Demir, Bilal"]
[Black "Lipinsky, Markus"]
[Result "1-0"]
[WhiteElo "2080"]
[BlackElo "2042"]
[PlyCount "71"]
[EventDate "2014.10.19"]
[EventType "team-tourn"]
[EventRounds "9"]
[EventCountry "GER"]
[SourceTitle "EXT 2018"]
[Source "ChessBase"]
[SourceDate "2017.10.13"]
[SourceVersion "1"]
[SourceVersionDate "2017.10.13"]
[SourceQuality "1"]
[WhiteTeam "Unterhaching"]
[BlackTeam "Muenchen Tarrasch"]
[WhiteTeamCountry "GER"]
[BlackTeamCountry "GER"]

1. e4 c5 2. c3 Nf6 3. e5 Nd5 4. Bc4 Nb6 5. Bb3 c4 6. Bc2 g6 7. Nf3 Bg7 8. 0-0 0-0 9. b3 d5 10. exd6 exd6 11. bxc4 Nxc4 12. d3 Ne5 13. d4 Nxf3+ 14. Qxf3 Nc6 15. Nd2 Re8 16. Nc4 Be6 17. d5 Qh4 18. dxe6 Rxe6 19. Bb3 Rc8 20. g3 Qe7 21. Bf4 Rf6 22. Qe3 Re6 23. Qd3 Rd8 24. Rad1 g5 25. Bc1 Rh6 26. Ne3 Ne5 27. Nf5 Qf6 28. Nxh6+ Bxh6 29. Qd5 g4 30. Bxh6 Nf3+ 31. Kh1 Qxh6 32. h4 Nxh4 33. gxh4 Qxh4+ 34. Kg2 Qh3+ 35. Kg1 Qh5 36. Qxh5 1-0

[Event "Landesliga Sued 1415"]
[Site "Bayern"]
[Date "2014.11.09"]
[Round "2.6"]
[White "Lipinsky, Markus"]
[Black "Wagner, Hans2222"]
[Result "1-0"]
[WhiteElo "2042"]
[BlackElo "2103"]
[PlyCount "73"]
[EventDate "2014.10.19"]
[EventType "team-tourn"]
[EventRounds "9"]
[EventCountry "GER"]
[SourceTitle "EXT 2018"]
[Source "ChessBase"]
[SourceDate "2017.10.13"]
[SourceVersion "1"]
[SourceVersionDate "2017.10.13"]
[SourceQuality "1"]
[WhiteTeam "Muenchen Tarrasch"]
[BlackTeam "Rottal"]
[WhiteTeamCountry "GER"]
[BlackTeamCountry "GER"]

1. d4 Nf6 2. c4 e6 3. Nf3 Bb4+ 4. Bd2 Qe7 5. g3 Nc6 6. Nc3 Bxc3 7. Bxc3 Ne4 8. Rc1 0-0 9. Bg2 d6 10. d5 Nxc3 11. Rxc3 Nd8 12. 0-0 e5 13. b4 Bg4 14. c5 Bxf3 15. Bxf3 e4 16. Bg2 f5 17. f3 exf3 18. exf3 f4 19. Re1 Qg5 20. Qd2 Nf7 21. gxf4 Qh4 22. Re4 Nh6 23. cxd6 cxd6 24. Rc7 Rf7 25. Qe2 Kf8 26. Rxf7+ Nxf7 27. Qb5 Rb8 28. Qd7 Qd8 29. Qxd8+ Rxd8 30. Bh3 Re8 31. Be6 Nh8 32. Rc4 Ng6 33. Kf2 Ne7 34. Rc7 Rb8 35. Rd7 Ke8 36. Rxd6 Ng6 37. Rd7 1-0

[Event "Dresden ZMD op 23rd"]
[Site "Dresden"]
[Date "2014.08.22"]
[Round "8"]
[White "Lipinsky, Markus"]
[Black "Barthel, Ansgar"]
[Result "0-1"]
[WhiteElo "2142"]
[BlackElo "2216"]
[PlyCount "76"]
[EventDate "2014.08.15"]
[EventType "swiss"]
[EventRounds "9"]
[EventCountry "GER"]
[SourceTitle "CBM 161 Extra"]
[Source "ChessBase"]
[SourceDate "2014.08.29"]
[SourceVersion "1"]
[SourceVersionDate "2014.08.29"]
[SourceQuality "1"]

1. d4 d5 2. c4 e6 3. Nf3 c5 4. e3 Nf6 5. cxd5 exd5 6. Nc3 Nc6 7. dxc5 Bxc5 8. Na4 Be7 9. Bd2 0-0 10. Be2 Ne4 11. 0-0 Bf6 12. Bc3 Nxc3 13. Nxc3 Be6 14. Rc1 d4 15. exd4 Nxd4 16. Nxd4 Bxd4 17. b3 Rc8 18. Ne4 Qb6 19. Qd3 Rxc1 20. Rxc1 f5 21. Ng5 Bxf2+ 22. Kh1 Kh8 23. Bf3 Bg8 24. Rf1 Qe3 25. Qc2 Bh4 26. Nh3 b6 27. g3 Be7 28. Qc7 a5 29. Nf4 Bc5 30. Bg2 Qd2 31. Nh5 Qh6 32. Nf4 Qd6 33. Qb7 Rb8 34. Qf3 Rd8 35. Qh5 g6 36. Qf3 Qd2 37. Qb7 Qxa2 38. Nd5 Qxg2+ 0-1